000 00656nam a2200193Ia 4500
003 GCL
008 140319s9999 xx 000 0 ara d
040 _aGCL /
_cGCL
082 0 4 _aط
_b813.02
_bا س
100 1 _aاحمد نجيب
245 1 0 _aالسلسلة الذهبية : زقزوق وزكية - الهدية العجيبة - عفريت العلبة /
_cاحمد نجيب
700 1 _aحسن عبد الشافى
260 _aالقاهرة :
_bدار الشروق ،
_c1990
300 _aمتعد ؛
_c25 سم
490 _aالسلسلة الذهبية
_v0
650 0 4 _aالاطفال
650 0 4 _aقصص الاطفال
942 _2ddc
_cBK
999 _c57204
_d57204